000
00322 a2200145 4500
001
163975
020
_a
040
_c
Magnum
100
_a
Bandeira, Pedro
240
1
0
_a
O monstro do mar: poluicao do mar
_l
por
245
1
0
_a
O monstro do mar: poluicao do mar
362
0
_a
1899
697
_a
IJ/ECOLOGIA
942
_c
BK
999
_c
163975
_d
163975